000 00791nam a22002417a 4500
008 130821s1935 it gr fre
040 _aCo-BoUCM
_bspa
041 0 0 _afre
092 _aFM 000652
100 _aBillot, Ludovico
_9148587
245 0 3 _aDeDeo uno et trino
_cLudovico Billot, commentarius in primam partem S. Thomae
250 _a7a. ed
260 _aRoma (Italia)
_bPontificia Universitas Gregoriana
_c1935
300 _a604 páginas
500 _aIncluye bibliografía e índice. -- Este libro se encuentra en el depósito de la biblioteca
600 _aDios
_9604
600 _aEspíritu Santo
_91599
600 _aJesucristo
_91986
650 0 4 _aDogma
_913523
650 0 4 _aTrinidad
_925895
700 _aThomae, S., Comentarios
_9148588
942 _cLIBRO
_a27
_e7
_n0
999 _c84551
_d84551